Planning and affordable housing (Record no. 65311)

MARC details
000 -LEADER
fixed length control field 01370cam a2200253 4500
001 - CONTROL NUMBER
control field ABS63213
008 - FIXED-LENGTH DATA ELEMENTS--GENERAL INFORMATION
fixed length control field 000000n2000 000 0 eng u
035 ## - SYSTEM CONTROL NUMBER
System control number (Sirsi) u109400
100 ## - MAIN ENTRY--PERSONAL NAME
Personal name Gallent, N
245 ## - TITLE STATEMENT
Title Planning and affordable housing
260 ## - PUBLICATION, DISTRIBUTION, ETC.
Date of publication, distribution, etc. 2000
490 ## - SERIES STATEMENT
Series statement Town Planning Review
Volume/sequential designation 71(2) April 2000, 123-147(25)
520 ## - SUMMARY, ETC.
Summary, etc. Considers the evolution of the role of planning in affordable housing since the early 1970s, and examines the impact on the UK planning sytem. Highlights the conflict between the strategic nature of national planning policy and implementation at local level. Traces the development of planning practice in affordable housing during the Conservative and Labour governments, touching on the themes of slow transition towards acceptance, the creation of more flexible planning, and the move towards a planning system with increased responsibilities. Concludes with a summary of Labour government's most recent policy statements, culminating with DETR Circular 6/98. References
590 ## - LOCAL NOTE (RLIN)
Local note ABS
650 ## - SUBJECT ADDED ENTRY--TOPICAL TERM
Topical term or geographic name entry element PPG3
650 ## - SUBJECT ADDED ENTRY--TOPICAL TERM
Topical term or geographic name entry element PLANNING POLICY GUIDANCE
650 ## - SUBJECT ADDED ENTRY--TOPICAL TERM
Topical term or geographic name entry element DETR CIRCULARS
650 ## - SUBJECT ADDED ENTRY--TOPICAL TERM
Topical term or geographic name entry element HOUSING DEVELOPMENT
650 ## - SUBJECT ADDED ENTRY--TOPICAL TERM
Topical term or geographic name entry element LOCAL PLANNING AUTHORITIES
650 ## - SUBJECT ADDED ENTRY--TOPICAL TERM
Topical term or geographic name entry element PLANNING POLICY
650 ## - SUBJECT ADDED ENTRY--TOPICAL TERM
Topical term or geographic name entry element PLANNING SYSTEM
690 ## - LOCAL SUBJECT ADDED ENTRY--TOPICAL TERM (OCLC, RLIN)
Topical term or geographic name as entry element ENVIRONMENTAL AND LAND CONSULTANCY-PLANNING AND DEVELOPMENT
942 ## - ADDED ENTRY ELEMENTS (KOHA)
Suppress in OPAC 0
Holdings
Withdrawn status Lost status Source of classification or shelving scheme Damaged status Not for loan Home library Current library Shelving location Date acquired Total Checkouts Full call number Barcode Date last seen Copy number Price effective from Koha item type
    Dewey Decimal Classification     London London Journal article 20/11/2000   ABS63213 109400-1001 06/08/2019 1 06/08/2019 Journal article